Matrix Analysis and Applied Linear Algebra (Record no. 12164)

000 -LEADER
fixed length control field 00447nam a22001577a 4500
020 ## - INTERNATIONAL STANDARD BOOK NUMBER
International Standard Book Number 9780898714548
082 ## - DEWEY DECIMAL CLASSIFICATION NUMBER
Classification number 512.5 MEY
100 ## - MAIN ENTRY--PERSONAL NAME
Personal name Carl Meyer
245 ## - TITLE STATEMENT
Title Matrix Analysis and Applied Linear Algebra
260 ## - PUBLICATION, DISTRIBUTION, ETC.
Place of publication, distribution, etc. North Carolina
Name of publisher, distributor, etc. North Carolina State University Baleigh
300 ## - PHYSICAL DESCRIPTION
Extent viii. 718 p.
Other physical details ill.
Accompanying material CD
500 ## - GENERAL NOTE
General note include index
650 ## - SUBJECT ADDED ENTRY--TOPICAL TERM
Topical term or geographic name entry element 1.Algebras, Linear.2.Matrix analytic methods.
700 ## - ADDED ENTRY--PERSONAL NAME
Personal name Meyer, Carl
942 ## - ADDED ENTRY ELEMENTS (KOHA)
Koha item type Book
Holdings
Withdrawn status Lost status Damaged status Not for loan Collection code Permanent Location Current Location Shelving location Date acquired Source of acquisition Cost, normal purchase price Total Checkouts Full call number Barcode Date last seen Date last checked out Price effective from Koha item type
          Central Library (CL) Central Library (CL) General Stacks 09/09/2013 Donation 0.00 3 512.5 MEY SEECSD00952 06/02/2025 03/22/2025 01/05/2017 Book
© 2023 Central Library, National University of Sciences and Technology. All Rights Reserved.